| 000 | 01190cam1a220022900 4500 | ||
|---|---|---|---|
| 001 | qcf00163761 | ||
| 005 | 20190830130219.0 | ||
| 008 | 740725s1965 cu 000 0 spa u | ||
| 035 | _a(Sirsi) r31051 | ||
| 035 | _a(QCAT)lss00620123 | ||
| 035 | _a(UPRA)qcf00163761 | ||
| 040 | _dUPRA | ||
| 100 | 1 |
_aQuesada, Gonzalo de, 1868-1915. _dQuesada, Gonzalo de, 1868-1915. _6A95364.1 |
|
| 245 | 1 | 0 |
_aArchivo de Gonzalo de Quesada : _bDocumentos historicos / _cintrod. y notas por Gonzalo de Quesada y Miranda. |
| 260 |
_aLa Habana : _bEditorial de la Universidad de La Habana, _c1965. |
||
| 490 | 0 |
_aBiblioteca de autores cubanos ; _v33 _6S14413.1 |
|
| 651 | 0 |
_aCuba -- History -- 1810-1899 -- Sources. _xCuba -- History -- 1810-1899 -- Sources. _yCuba -- History -- 1810-1899 -- Sources. _xCuba -- History -- 1810-1899 -- Sources. _6S68759.1 |
|
| 651 | 0 |
_aCuba -- History -- 1899- -- Sources. _xCuba -- History -- 1899- -- Sources. _yCuba -- History -- 1899- -- Sources. _xCuba -- History -- 1899- -- Sources. _6S68760.1 |
|
| 700 | 2 |
_aQuesada y Miranda, Gonzalo de, b. 1900. _dQuesada y Miranda, Gonzalo de, b. 1900. _6A95365.1 |
|
| 949 |
_aF1787 _wlcc _i-35007 _mMAIN _tBOOK _lON-SHELF |
||
| 004 | 31051 | ||
| 999 |
_c202615 _d202615 |
||